000 00576nam a2200181Ia 4500
003 GCL
008 140319s9999 xx 000 0 ara d
040 _aGCL /
_cGCL
082 0 4 _a791.4362
_bع و
100 1 _aعلى ابوشادى
245 1 0 _aوقائع السينما المصرية فى مائة عام 1896 - 1995 /
_cعلى ابوشادى
300 _a386 ص
490 _aالهيئة العامة للاستعلامات
_v0
650 0 4 _aالافلام السينمائية
650 0 4 _aالسينما
650 0 4 _aالسينما - مصر
942 _2ddc
_cBK
999 _c51974
_d51974